000 00631nam a2200193Ia 4500
005 20250326143227.0
008 250326s9999 xx 000 0 und d
020 _a1-57851-278-6
037 _aTextbook
040 _aFMSL
_beng
_cFMSL
041 _aeng
_2eng
084 _aX8(8D)obD658(2:55) P1
_qFMSL
100 _aWilhelm W J
245 0 _aInformation markets : what business can learn form ficial innovation
_cWilhelm W J; Downing J D
260 _aUnited Kingdom
_bUnited Kingdom, Harvard Busienss Review
_c2001
300 _a217p
942 _cTB
_hX8(8D)obD658(2:55) P1
999 _c1298679
_d1298679